Sustainable Landscape Development Of Group Housing In Nashik (Record no. 363224)

MARC details
000 -LEADER
fixed length control field 00368nam a2200121Ia 4500
008 - FIXED-LENGTH DATA ELEMENTS--GENERAL INFORMATION
fixed length control field 250110s9999 xx 000 0 und d
041 ## - LANGUAGE CODE
Language code of text/sound track or separate title eng
100 ## - MAIN ENTRY--PERSONAL NAME
Personal name Chaskar Sonali S
9 (RLIN) 182361
245 ## - TITLE STATEMENT
Title Sustainable Landscape Development Of Group Housing In Nashik
260 ## - PUBLICATION, DISTRIBUTION, ETC. (IMPRINT)
Name of publisher, distributor, etc. M Arch Landscape, Pune
Date of publication, distribution, etc. 2012
300 ## - PHYSICAL DESCRIPTION
Extent 75p
700 ## - ADDED ENTRY--PERSONAL NAME
Personal name Guide Name:Sahstrabuddhe Swati
9 (RLIN) 210031
Holdings
Withdrawn status Lost status Damaged status Not for loan Home library Current library Date acquired Total Checkouts Barcode Date last seen Bill Date Koha item type Original Barcode
        Dr. Bhanuben Nanavati College of Architecture Dr. Bhanuben Nanavati College of Architecture 07/01/2013   BNCA-PR-724 10/01/2025 10/01/2025 Project Reports PR0724